<?xml version="1.0" encoding="UTF-8"?>
<record
    xmlns:xsi="http://www.w3.org/2001/XMLSchema-instance"
    xsi:schemaLocation="http://www.loc.gov/MARC21/slim http://www.loc.gov/standards/marcxml/schema/MARC21slim.xsd"
    xmlns="http://www.loc.gov/MARC21/slim">

  <leader>00381nam a22001457a 4500</leader>
  <datafield tag="082" ind1=" " ind2=" ">
    <subfield code="a">491.550</subfield>
    <subfield code="b">SAT</subfield>
  </datafield>
  <datafield tag="100" ind1=" " ind2=" ">
    <subfield code="a">Satti, Muhammad Sabeer</subfield>
  </datafield>
  <datafield tag="245" ind1=" " ind2=" ">
    <subfield code="a">Pahari Zaban /</subfield>
    <subfield code="c"> Muhammad Sabeer Satti</subfield>
  </datafield>
  <datafield tag="260" ind1=" " ind2=" ">
    <subfield code="a">Rawalpindi:</subfield>
    <subfield code="b">Awaz publications;</subfield>
    <subfield code="c">2025.</subfield>
  </datafield>
  <datafield tag="300" ind1=" " ind2=" ">
    <subfield code="a">144p.</subfield>
  </datafield>
  <datafield tag="563" ind1=" " ind2=" ">
    <subfield code="a">HB</subfield>
  </datafield>
  <datafield tag="650" ind1=" " ind2=" ">
    <subfield code="a">Pahari language</subfield>
    <subfield code="9">134213</subfield>
  </datafield>
  <datafield tag="650" ind1=" " ind2=" ">
    <subfield code="a">Linguistics</subfield>
    <subfield code="9">306</subfield>
  </datafield>
  <datafield tag="942" ind1=" " ind2=" ">
    <subfield code="2">ddc</subfield>
    <subfield code="c">BK</subfield>
  </datafield>
  <datafield tag="999" ind1=" " ind2=" ">
    <subfield code="c">617184</subfield>
    <subfield code="d">617184</subfield>
  </datafield>
  <datafield tag="952" ind1=" " ind2=" ">
    <subfield code="0">0</subfield>
    <subfield code="1">0</subfield>
    <subfield code="2">ddc</subfield>
    <subfield code="3">Donated by Author</subfield>
    <subfield code="4">0</subfield>
    <subfield code="6">491_550000000000000_SAT</subfield>
    <subfield code="7">0</subfield>
    <subfield code="9">646405</subfield>
    <subfield code="a">CL</subfield>
    <subfield code="b">CL</subfield>
    <subfield code="c">LIN</subfield>
    <subfield code="d">2026-04-18</subfield>
    <subfield code="e">Donated by Author</subfield>
    <subfield code="l">0</subfield>
    <subfield code="o">491.550 SAT</subfield>
    <subfield code="p">CL-D-3362</subfield>
    <subfield code="r">2026-04-18</subfield>
    <subfield code="w">2026-04-18</subfield>
    <subfield code="y">BK</subfield>
  </datafield>
  <datafield tag="952" ind1=" " ind2=" ">
    <subfield code="0">0</subfield>
    <subfield code="1">0</subfield>
    <subfield code="2">ddc</subfield>
    <subfield code="3">Donated by Author</subfield>
    <subfield code="4">0</subfield>
    <subfield code="6">491_550000000000000_SAT</subfield>
    <subfield code="7">0</subfield>
    <subfield code="9">646406</subfield>
    <subfield code="a">CL</subfield>
    <subfield code="b">CL</subfield>
    <subfield code="d">2026-04-18</subfield>
    <subfield code="e">Donated by Author</subfield>
    <subfield code="l">0</subfield>
    <subfield code="o">491.550 SAT</subfield>
    <subfield code="p">CL-D-3361</subfield>
    <subfield code="r">2026-04-18</subfield>
    <subfield code="w">2026-04-18</subfield>
    <subfield code="y">BK</subfield>
  </datafield>
  <datafield tag="952" ind1=" " ind2=" ">
    <subfield code="0">0</subfield>
    <subfield code="1">0</subfield>
    <subfield code="2">ddc</subfield>
    <subfield code="3">Donated by Author</subfield>
    <subfield code="4">0</subfield>
    <subfield code="6">491_550000000000000_SAT</subfield>
    <subfield code="7">0</subfield>
    <subfield code="9">646407</subfield>
    <subfield code="a">CL</subfield>
    <subfield code="b">CL</subfield>
    <subfield code="c">LIN</subfield>
    <subfield code="d">2026-04-18</subfield>
    <subfield code="e">Donated by Author</subfield>
    <subfield code="l">0</subfield>
    <subfield code="o">491.550 SAT</subfield>
    <subfield code="p">CL-D-3360</subfield>
    <subfield code="r">2026-04-18</subfield>
    <subfield code="w">2026-04-18</subfield>
    <subfield code="y">BK</subfield>
  </datafield>
</record>
